[Event "5th open"]
[Site "Zupanja"]
[Date "2011.08.20"]
[Round "7.12"]
[White "Plenca, Julijan"]
[Black "Obuca, Bajro"]
[Result "1-0"]
[WhiteElo "2339"]
[BlackElo "2179"]
[PlyCount "85"]
[EventDate "2011.08.19"]

1. e4 e5 2. Nf3 Nc6 3. Bb5 a6 4. Ba4 Nf6 5. d3 b5 6. Bb3 Be7 7. a4 b4 8. O-O d6
9. Re1 O-O 10. c3 a5 11. h3 h6 12. d4 Rb8 13. Nbd2 Ba6 14. d5 Na7 15. Bc4 Bb7
16. cxb4 axb4 17. Nf1 c5 18. Ng3 Re8 19. Nf5 Bf8 20. g4 Nh7 21. Kg2 Bc8 22. Be3
Bd7 23. Qd3 Qf6 24. Qd2 Nc8 25. a5 Na7 26. Ng3 Qd8 27. Rg1 Nb5 28. Qd3 Nd4 29.
Nxd4 cxd4 30. Bd2 g6 31. a6 Qb6 32. a7 Ra8 33. Ra6 Qb7 34. Rga1 Rec8 35. b3 Nf6
36. Qf3 Ne8 37. h4 Rc7 38. R1a5 Qc8 39. g5 h5 40. Bxb4 Rxc4 41. bxc4 Qxc4 42.
Qa3 Bg4 43. Rc6 1-0

[Event "5th open"]
[Site "Zupanja"]
[Date "2011.08.20"]
[Round "7.13"]
[White "Kruskic, Mirsad"]
[Black "Pandurevic, Miro"]
[Result "0-1"]
[WhiteElo "2162"]
[BlackElo "2291"]
[PlyCount "74"]
[EventDate "2011.08.19"]

1. c4 Nf6 2. Nc3 e5 3. Nf3 Nc6 4. g3 d6 5. Bg2 Be6 6. d3 Qc8 7. O-O Bh3 8. Re1
Bxg2 9. Kxg2 Be7 10. e4 O-O 11. d4 Nd7 12. Nd5 Bd8 13. Ne3 exd4 14. Nxd4 Nxd4
15. Qxd4 Bf6 16. Qd3 Nc5 17. Qc2 c6 18. Bd2 Qe6 19. f3 a5 20. Rad1 h5 21. Bc3
Be5 22. Nf5 g6 23. f4 Bxc3 24. Rxd6 Bxe1 25. Rxe6 Nxe6 26. Nh4 Rad8 27. Nf3 Nd4
28. Qd1 Nxf3 29. Qxf3 Rd2+ 30. Kh3 Rxb2 31. Qd1 Bf2 32. f5 Bc5 33. Qc1 Bd4 34.
Qf4 c5 35. e5 Rf2 36. Qe4 Rxf5 37. e6 fxe6 0-1

[Event "5th open"]
[Site "Zupanja"]
[Date "2011.08.20"]
[Round "7.14"]
[White "Plenca, Jadranko"]
[Black "Budimir, Boris"]
[Result "0-1"]
[WhiteElo "1868"]
[BlackElo "2275"]
[PlyCount "106"]
[EventDate "2011.08.19"]

1. e4 c5 2. Nf3 a6 3. c3 d5 4. exd5 Qxd5 5. d4 Nc6 6. Be2 g6 7. c4 Qd6 8. d5
Ne5 9. Nc3 Nf6 10. Be3 Nxf3+ 11. Bxf3 Bg7 12. O-O O-O 13. Re1 Bd7 14. Qd2 Rfe8
15. a4 Rad8 16. a5 Qc7 17. Bf4 Qc8 18. h3 e6 19. Bg5 e5 20. Qe3 e4 21. Bxf6
Bxf6 22. Bxe4 Qc7 23. Qf3 Bd4 24. Red1 Bc8 25. Bc2 b6 26. axb6 Qxb6 27. Ra2 Qb4
28. Rb1 Kg7 29. Ra4 Qb8 30. b3 Qe5 31. Ne4 Bf5 32. Re1 Bd7 33. Rxa6 f5 34. Re2
fxe4 35. Rxe4 Qg5 36. Rxe8 Rxe8 37. Ra7 Re7 38. Bd3 Rf7 39. Qe2 Rxf2 40. Qxf2
Bxf2+ 41. Kxf2 Qf6+ 42. Ke2 Qe7+ 43. Kd2 Kf6 44. Be2 Ke5 45. h4 Kd4 46. Kd1 Qe8
47. Ra2 Qe3 48. Rd2+ Kc3 49. Rd3+ Qxd3+ 50. Bxd3 Kxd3 51. b4 Kxc4 52. bxc5 Kxc5
53. Kd2 Kxd5 0-1

[Event "5th open"]
[Site "Zupanja"]
[Date "2011.08.20"]
[Round "7.15"]
[White "Zovko, Mario"]
[Black "Alihodzic, Muzafer"]
[Result "1-0"]
[WhiteElo "2238"]
[BlackElo "2100"]
[PlyCount "55"]
[EventDate "2011.08.19"]

1. e4 c6 2. Nc3 d5 3. Nf3 a6 4. d4 dxe4 5. Nxe4 Bg4 6. Bc4 e6 7. c3 Nd7 8. h3
Bh5 9. Qe2 Ngf6 10. Ng3 Bg6 11. O-O Bd6 12. Ne5 Qc7 13. Re1 O-O-O 14. a4 Nb6
15. Bb3 c5 16. Nf1 Kb8 17. Bf4 Nbd7 18. Nd2 Nd5 19. Bg3 Nxe5 20. dxe5 Be7 21.
Nc4 Bg5 22. Qg4 h6 23. Nd6 Ne7 24. f4 c4 25. Bxc4 Rxd6 26. exd6 Qxc4 27. dxe7
Bf5 28. fxg5+ 1-0

[Event "5th open"]
[Site "Zupanja"]
[Date "2011.08.21"]
[Round "8.3"]
[White "Jovanovic, Zoran"]
[Black "Rogic, Davor"]
[Result "1/2-1/2"]
[WhiteElo "2577"]
[BlackElo "2580"]
[PlyCount "57"]
[EventDate "2011.08.19"]

1. e4 e5 2. Nf3 Nc6 3. Bc4 Bc5 4. c3 Nf6 5. d3 d6 6. O-O O-O 7. Bb3 Ne7 8. d4
Bb6 9. dxe5 Nxe4 10. Ng5 Nxg5 11. Bxg5 h6 12. Bxe7 Qxe7 13. exd6 cxd6 14. Nd2
d5 15. Nf3 Rd8 16. Nd4 Qf6 17. Re1 Be6 18. Qd3 Bxd4 19. cxd4 Rac8 20. Re5 g6
21. Rae1 Kg7 22. Qd2 Rc7 23. g3 Bh3 24. Qe3 Be6 25. h4 h5 26. Kg2 Rd6 27. Qd2
Bf5 28. Qe3 Be6 29. Rc1 1/2-1/2

[Event "5th open"]
[Site "Zupanja"]
[Date "2011.08.21"]
[Round "8.4"]
[White "Martic, Zlatko"]
[Black "Tomic, Bosko"]
[Result "1/2-1/2"]
[WhiteElo "2361"]
[BlackElo "2409"]
[PlyCount "50"]
[EventDate "2011.08.19"]

1. d4 Nf6 2. c4 g6 3. Nc3 Bg7 4. e4 O-O 5. Nf3 d6 6. h3 c5 7. d5 e6 8. Bd3 exd5
9. exd5 Re8+ 10. Be3 Nh5 11. O-O f5 12. Qd2 Nd7 13. Rae1 Ne5 14. Nxe5 Bxe5 15.
Bg5 Qb6 16. Be2 Nf6 17. Bd1 Rf8 18. f4 Bd4+ 19. Kh2 Bd7 20. Re7 Rf7 21. Rfe1
Raf8 22. Ba4 Bxa4 23. Nxa4 Qa6 24. Bxf6 Bxf6 25. Rxf7 Rxf7 1/2-1/2

[Event "5th open"]
[Site "Zupanja"]
[Date "2011.08.21"]
[Round "8.6"]
[White "Ascic, Pero"]
[Black "Srbis, Jurica"]
[Result "1/2-1/2"]
[WhiteElo "2297"]
[BlackElo "2274"]
[PlyCount "44"]
[EventDate "2011.08.19"]

1. e4 c5 2. Nf3 Nc6 3. d4 cxd4 4. Nxd4 g6 5. c4 Nf6 6. Nc3 d6 7. Be2 Bg7 8. Be3
O-O 9. O-O Bd7 10. Qd2 Nxd4 11. Bxd4 Bc6 12. f3 a5 13. b3 Nd7 14. Rab1 Bxd4+
15. Qxd4 Qb6 16. Qxb6 Nxb6 17. Rfc1 Rfc8 18. Nd1 Nd7 19. Nf2 Nc5 20. Nd3 Nxd3
21. Bxd3 Bd7 22. Kf2 Kg7 1/2-1/2

[Event "5th open"]
[Site "Zupanja"]
[Date "2011.08.21"]
[Round "8.7"]
[White "Kljako, Damir"]
[Black "Plenca, Julijan"]
[Result "0-1"]
[WhiteElo "2181"]
[BlackElo "2339"]
[PlyCount "122"]
[EventDate "2011.08.19"]

1. d4 d5 2. Nf3 Nf6 3. Bf4 c5 4. e3 Nc6 5. c3 Bg4 6. Nbd2 e6 7. h3 Bh5 8. Qb3
Qc8 9. Ne5 c4 10. Qc2 Nxe5 11. Bxe5 Nd7 12. Bg3 Bg6 13. Qc1 b5 14. Be2 Be7 15.
O-O O-O 16. Bf3 Qb7 17. Re1 f5 18. Bd1 b4 19. Nf3 Nf6 20. Ne5 Be8 21. Bf3 Qa6
22. Rf1 Bb5 23. Bf4 Rab8 24. g4 Rb7 25. gxf5 exf5 26. Kh1 Rfb8 27. Rg1 Be8 28.
Qf1 Ne4 29. Qg2 Bf8 30. Bxe4 fxe4 31. Ng4 Rc8 32. Be5 Bg6 33. h4 Rc6 34. Bf4
bxc3 35. bxc3 Bh5 36. Ne5 Rf6 37. Qg5 Qe6 38. Rg3 Rf5 39. Qd8 Re7 40. Rag1 Re8
41. Qc7 g6 42. Rb1 Bf3+ 43. Nxf3 exf3 44. Kh2 Rh5 45. Rh3 Re7 46. Qd8 Rf7 47.
Rg1 Qe4 48. Rg5 Qc2 49. Kg3 Rxg5+ 50. Qxg5 Rf5 51. Qd8 Qxc3 52. Be5 Qe1 53.
Qxd5+ Rf7 54. Bf4 c3 55. h5 g5 56. Bxg5 Qg1+ 57. Kh4 Qxf2+ 58. Rg3 Qh2+ 59. Kg4
f2 60. Bf6 f1=Q 61. Qg5+ Bg7 0-1

[Event "5th open"]
[Site "Zupanja"]
[Date "2011.08.21"]
[Round "8.8"]
[White "Iveljic, Igor"]
[Black "Vajic, Goran"]
[Result "1/2-1/2"]
[WhiteElo "2324"]
[BlackElo "2160"]
[PlyCount "138"]
[EventDate "2011.08.19"]

1. e4 e5 2. Bc4 Nc6 3. Nf3 Nf6 4. d3 Be7 5. O-O d6 6. c3 O-O 7. Bb3 Na5 8. Bc2
c5 9. Nbd2 b5 10. Re1 Qc7 11. Nf1 Nc6 12. h3 Bd7 13. Ne3 a5 14. a4 b4 15. Bb3
Rab8 16. Bc4 Be6 17. Bb5 Na7 18. c4 h6 19. Nh2 Nh7 20. Qf3 Bg5 21. Nhf1 Nc8 22.
Ng3 Ne7 23. Nef5 Ng6 24. Be3 Rb6 25. Nh5 Nh4 26. Nxh4 Bxh4 27. Ng3 Bxg3 28.
Qxg3 g5 29. f4 f6 30. Rf1 Qg7 31. fxe5 fxe5 32. Rxf8+ Kxf8 33. Rf1+ Ke7 34. Qf2
Nf8 35. Bxc5 Rb8 36. Ba7 Rc8 37. c5 Nd7 38. Rc1 Nxc5 39. Bxc5 Rxc5 40. Rxc5
dxc5 41. Qxc5+ Kf6 42. d4 exd4 43. e5+ Kf7 44. Qxd4 g4 45. Qf4+ Ke7 46. hxg4
Bxg4 47. Qd4 Qg5 48. Qd6+ Kf7 49. Bc4+ Kg7 50. Qc7+ Kh8 51. Qb8+ Kh7 52. Qc7+
Kh8 53. e6 Bxe6 54. Bxe6 Qe3+ 55. Kh2 Qxe6 56. Qd8+ Kh7 57. Qxa5 Qd6+ 58. Kh3
Qe6+ 59. Kg3 Qb3+ 60. Kh2 Qxb2 61. Qc7+ Kg6 62. Qd6+ Kf5 63. a5 b3 64. a6 Qa2
65. Qd5+ Kf6 66. Qd4+ Kf7 67. a7 b2 68. Qf4+ Kg7 69. Qg4+ Kf6 1/2-1/2

[Event "5th open"]
[Site "Zupanja"]
[Date "2011.08.21"]
[Round "8.9"]
[White "Bosnjak, Damir"]
[Black "Zovko, Mario"]
[Result "1/2-1/2"]
[WhiteElo "2309"]
[BlackElo "2238"]
[PlyCount "43"]
[EventDate "2011.08.19"]

1. e4 c6 2. d4 d5 3. Nd2 dxe4 4. Nxe4 Bf5 5. Ng3 Bg6 6. h4 h6 7. Nf3 Nd7 8. h5
Bh7 9. Bd3 Bxd3 10. Qxd3 Qc7 11. Ne4 Ngf6 12. g3 Nxe4 13. Qxe4 e6 14. Bd2 O-O-O
15. O-O-O Nf6 16. Qe2 Bd6 17. c4 c5 18. Bc3 cxd4 19. Nxd4 a6 20. Nb3 Qc6 21.
Rh4 Bc7 22. Nd4 1/2-1/2

[Event "5th open"]
[Site "Zupanja"]
[Date "2011.08.21"]
[Round "8.10"]
[White "Pandurevic, Miro"]
[Black "Monjac, Mislav"]
[Result "1-0"]
[WhiteElo "2291"]
[BlackElo "2043"]
[PlyCount "41"]
[EventDate "2011.08.19"]

1. b4 c6 2. Bb2 Qb6 3. a3 a5 4. c4 axb4 5. c5 Qc7 6. axb4 Rxa1 7. Bxa1 Na6 8.
Qa4 Qf4 9. Bc3 Nf6 10. e3 Qf5 11. d3 Nd5 12. Bd2 Qe5 13. d4 Qe4 14. Qb3 g6 15.
f3 Qe6 16. Bc4 Qf6 17. Ne2 Bg7 18. e4 Ndc7 19. e5 Qh4+ 20. g3 Qh5 21. Nf4 1-0

[Event "5th open"]
[Site "Zupanja"]
[Date "2011.08.21"]
[Round "8.12"]
[White "Ostovic, Matija"]
[Black "Radovic, Velimir"]
[Result "1-0"]
[WhiteElo "2266"]
[BlackElo "2147"]
[PlyCount "109"]
[EventDate "2011.08.19"]

1. e4 e6 2. d4 c5 3. c3 d5 4. exd5 exd5 5. Nf3 Nc6 6. Bb5 Bd6 7. dxc5 Bxc5 8.
O-O Nge7 9. Nbd2 O-O 10. Nb3 Bd6 11. Bd3 Qc7 12. h3 Bd7 13. Nbd4 a6 14. Re1 h6
15. Bc2 Rfe8 16. Be3 Nxd4 17. Nxd4 Bf4 18. Qf3 Bh2+ 19. Kh1 Be5 20. Qh5 Nc6 21.
Nf3 Bf4 22. Bxf4 Qxf4 23. Qxd5 Be6 24. Qd3 g6 25. Qe3 Qxe3 26. Rxe3 Rad8 27.
Rae1 Rd6 28. Bb3 Kf8 29. Bxe6 Rexe6 30. Rxe6 fxe6 31. Kh2 Kf7 32. Kg3 Kf6 33.
Kf4 e5+ 34. Ke3 g5 35. Nd2 Ke6 36. Ne4 Rd5 37. Re2 b6 38. Rd2 Ne7 39. Rxd5
Nxd5+ 40. Kf3 Nf4 41. b3 Nd3 42. Ke3 Nf4 43. Kf3 Nd3 44. g3 Kd5 45. Ke3 Nc1 46.
f3 Nxa2 47. Kd2 b5 48. b4 Kc4 49. Kc2 Nxb4+ 50. cxb4 Kxb4 51. Nxg5 Kc4 52. Nf7
Kd4 53. Nxh6 Ke3 54. g4 Kf4 55. Nf7 1-0

[Event "5th open"]
[Site "Zupanja"]
[Date "2011.08.21"]
[Round "8.13"]
[White "Patarcic, Domagoj"]
[Black "Runic, Zoran"]
[Result "0-1"]
[WhiteElo "2037"]
[BlackElo "2388"]
[PlyCount "48"]
[EventDate "2011.08.19"]

1. e4 c5 2. Nf3 d6 3. Nc3 Nc6 4. d4 cxd4 5. Nxd4 Nf6 6. Be3 Ng4 7. Qd2 Nxe3 8.
Qxe3 g6 9. O-O-O Bg7 10. Nb3 Bd7 11. f4 Rc8 12. Be2 Nb4 13. a3 Rxc3 14. bxc3
Na2+ 15. Kb2 Nxc3 16. e5 Nxd1+ 17. Rxd1 Qc7 18. Qxa7 O-O 19. Bf3 Rc8 20. Rd2
dxe5 21. fxe5 Qxe5+ 22. Nd4 Qc7 23. Bd5 Qc3+ 24. Kc1 Qa1# 0-1

[Event "5th open"]
[Site "Zupanja"]
[Date "2011.08.21"]
[Round "8.15"]
[White "Turk, Tajana"]
[Black "Rubil, Marko"]
[Result "0-1"]
[WhiteElo "1895"]
[BlackElo "2211"]
[PlyCount "44"]
[EventDate "2011.08.19"]

1. d4 d5 2. Nf3 Nf6 3. e3 c5 4. c4 Nc6 5. Nc3 cxd4 6. Nxd4 e5 7. Nxc6 bxc6 8.
cxd5 cxd5 9. Bb5+ Bd7 10. Qa4 Rb8 11. O-O Rxb5 12. Nxb5 Qb6 13. Qxa7 Qxa7 14.
Nxa7 Bc5 15. Rd1 Bxa7 16. Bd2 O-O 17. Bc3 Re8 18. a4 Bg4 19. Rd2 Bc8 20. Rc1
Ba6 21. Rb1 Bb7 22. Rd3 d4 0-1

[Event "5th open"]
[Site "Zupanja"]
[Date "2011.08.21"]
[Round "9.3"]
[White "Rogic, Davor"]
[Black "Rosic, Slavko S"]
[Result "1/2-1/2"]
[WhiteElo "2580"]
[BlackElo "2211"]
[PlyCount "271"]
[EventDate "2011.08.19"]

1. e4 d5 2. exd5 Qxd5 3. Nc3 Qa5 4. d4 e5 5. dxe5 Bb4 6. Bd2 Nc6 7. Bb5 Nge7 8.
a3 Bxc3 9. Bxc6+ Nxc6 10. Bxc3 Qa4 11. Nf3 Bg4 12. O-O Bxf3 13. Qxf3 Qxc2 14.
e6 fxe6 15. Bxg7 Rg8 16. Rac1 Qf5 17. Qxf5 exf5 18. Rfe1+ Kf7 19. Bh6 Rge8 20.
Rxe8 Rxe8 21. Kf1 Re4 22. f3 Rh4 23. Bg5 Rd4 24. Be3 Ra4 25. g3 Ke6 26. Kg2 Ra5
27. Rc4 Rb5 28. Bc1 Rb3 29. g4 fxg4 30. fxg4 a5 31. g5 Ne5 32. Rxc7 Nd3 33. Be3
Nxb2 34. Bd4 Nd3 35. Rxh7 Nf4+ 36. Kf1 Kf5 37. h4 Kg4 38. Rf7 Ng6 39. Rf6 Kh5
40. Bf2 b5 41. Rf7 Rxa3 42. Rh7+ Kg4 43. h5 Kxg5 44. hxg6 Kxg6 45. Rb7 Rb3 46.
Bc5 Kf5 47. Ke2 Ke4 48. Kd2 Kd5 49. Kc2 a4 50. Bf8 Kc6 51. Rb8 Kc7 52. Re8 Rf3
53. Bb4 Rf2+ 54. Kc3 Rf4 55. Ba5+ Kb7 56. Re6 Rc4+ 57. Kb2 b4 58. Bd8 Rg4 59.
Rb6+ Ka7 60. Rb5 Rg2+ 61. Kc1 Rg1+ 62. Kd2 Rg4 63. Kd3 a3 64. Kc2 Rg2+ 65. Kb1
Rg4 66. Ka2 Rg2+ 67. Kb1 Rg4 68. Ka2 Rg2+ 69. Kb3 Rb2+ 70. Kc4 Rc2+ 71. Kd3 Rc1
72. Be7 a2 73. Ra5+ Kb6 74. Rxa2 Rh1 75. Bxb4 Kb5 76. Bd2 Rd1 77. Rc2 Rh1 78.
Be3 Rd1+ 79. Ke4 Re1 80. Kd4 Rd1+ 81. Bd2 Rh1 82. Rb2+ Kc6 83. Be3 Rd1+ 84. Ke5
Re1 85. Rb6+ Kc7 86. Rb3 Kc6 87. Rc3+ Kd7 88. Kd5 Ke7 89. Bd4 Kf7 90. Rg3 Kf8
91. Be5 Rf1 92. Ke6 Ke8 93. Rg2 Rf7 94. Rg8+ Rf8 95. Rg7 Rf1 96. Re7+ Kf8 97.
Rh7 Ke8 98. Ra7 Rd1 99. Re7+ Kd8 100. Rh7 Kc8 101. Rc7+ Kd8 102. Rc4 Ke8 103.
Bc3 Rd7 104. Rc8+ Rd8 105. Rc7 Rd3 106. Bf6 Re3+ 107. Kf5 Re1 108. Bc3 Kd8 109.
Rg7 Re2 110. Be5 Ke8 111. Ke6 Rf2 112. Re7+ Kf8 113. Rb7 Kg8 114. Rb1 Kh7 115.
Bf6 Kg6 116. Rg1+ Kh5 117. Rg5+ Kh6 118. Kf7 Ra2 119. Rg4 Ra5 120. Rg8 Kh5 121.
Ke6 Ra2 122. Be5 Rf2 123. Rg1 Ra2 124. Kf5 Ra4 125. Rg5+ Kh4 126. Rg7 Kh3 127.
Rg3+ Kh4 128. Rb3 Kh5 129. Rb2 Rg4 130. Bf4 Rg5+ 131. Ke4 Ra5 132. Rg2 Ra4+
133. Kf5 Ra5+ 134. Be5 Ra4 135. Bc3 Kh4 136. Be5 1/2-1/2

[Event "5th open"]
[Site "Zupanja"]
[Date "2011.08.21"]
[Round "9.4"]
[White "Tomic, Bosko"]
[Black "Pandurevic, Miro"]
[Result "1/2-1/2"]
[WhiteElo "2409"]
[BlackElo "2291"]
[PlyCount "35"]
[EventDate "2011.08.19"]

1. e4 e6 2. d4 d5 3. Nc3 Bb4 4. e5 c5 5. Bd2 cxd4 6. Nb5 Bf8 7. Nxd4 Nc6 8.
Ngf3 Nge7 9. Bd3 Ng6 10. Nxc6 bxc6 11. O-O Qb6 12. c4 Be7 13. Qc2 dxc4 14. Qxc4
O-O 15. b4 Rd8 16. Rab1 Qb5 17. Qxb5 cxb5 18. Be4 1/2-1/2

[Event "5th open"]
[Site "Zupanja"]
[Date "2011.08.21"]
[Round "9.5"]
[White "Jefic, Srdjan"]
[Black "Zivkovic, Vjekoslav"]
[Result "0-1"]
[WhiteElo "2143"]
[BlackElo "2380"]
[PlyCount "84"]
[EventDate "2011.08.19"]

1. e4 c5 2. Nf3 d6 3. d4 cxd4 4. Nxd4 Nf6 5. Nc3 a6 6. Be3 e6 7. Be2 Be7 8. O-O
O-O 9. a4 Nc6 10. Nxc6 bxc6 11. f4 d5 12. exd5 cxd5 13. Bd4 Nd7 14. Kh1 Rb8 15.
b3 Bb7 16. Qe1 Bf6 17. Bxf6 Qxf6 18. Bd3 Rfc8 19. Ne2 Nc5 20. Qg3 Rc7 21. Rad1
Rbc8 22. Rd2 e5 23. Ng1 e4 24. Be2 d4 25. Bc4 e3 26. Re2 Ne4 27. Qe1 Nc3 28. f5
Rc5 29. Bd3 h6 30. Nf3 Re8 31. h3 a5 32. Nh2 h5 33. Kg1 Ba6 34. Rf4 Bxd3 35.
cxd3 Nxe2+ 36. Qxe2 Rxf5 37. Rxf5 Qxf5 38. Nf3 Rc8 39. h4 Rc3 40. Ng5 Rc1+ 41.
Kh2 Qf4+ 42. g3 Qf2+ 0-1

[Event "5th open"]
[Site "Zupanja"]
[Date "2011.08.21"]
[Round "9.8"]
[White "Dulic, Grgur"]
[Black "Ascic, Pero"]
[Result "1/2-1/2"]
[WhiteElo "2251"]
[BlackElo "2297"]
[PlyCount "133"]
[EventDate "2011.08.19"]

1. e4 e5 2. Nf3 Nc6 3. Bb5 a6 4. Bxc6 dxc6 5. O-O Qd6 6. Na3 Be6 7. Qe2 f6 8.
c3 Qd7 9. d4 exd4 10. Nxd4 O-O-O 11. Be3 Qf7 12. Nxe6 Qxe6 13. Qc4 Re8 14. f3
Bxa3 15. Qxe6+ Rxe6 16. bxa3 b6 17. Rad1 Ne7 18. Bf4 c5 19. Rf2 Rd8 20. Rxd8+
Kxd8 21. Rd2+ Kc8 22. Kf2 Nc6 23. Rd5 Na5 24. Ke2 g6 25. Kd3 Nb7 26. Kc2 Nd8
27. a4 Nc6 28. Bg3 Na5 29. Kd3 Nb7 30. Kc2 Na5 31. Kd3 Nc6 32. Kc2 a5 33. Bf4
Re8 34. Bg3 h5 35. h4 c4 36. Kd1 Nd8 37. Bf2 Ne6 38. Be3 Rd8 39. Rxd8+ Kxd8 40.
g4 Ke7 41. Ke2 Kd6 42. gxh5 gxh5 43. f4 Nf8 44. Kf3 Nd7 45. Bf2 c5 46. Bg3 f5
47. exf5 Nf6 48. Be1 Kd5 49. Ke3 Ne4 50. Kf3 Nf6 51. Ke3 Ng4+ 52. Kf3 Kd6 53.
Ke4 Nf6+ 54. Kf3 Kc6 55. Bd2 b5 56. axb5+ Kxb5 57. Bc1 a4 58. Bd2 Kb6 59. Be1
Kb7 60. Bf2 Kc6 61. Be1 Kd5 62. Bd2 Ne4 63. Be1 Nd6 64. f6 Ke6 65. Bf2 Nb5 66.
Bxc5 Nxc3 67. a3 1/2-1/2

[Event "5th open"]
[Site "Zupanja"]
[Date "2011.08.21"]
[Round "9.9"]
[White "Runic, Zoran"]
[Black "Stocko, Josip"]
[Result "1-0"]
[WhiteElo "2388"]
[BlackElo "2172"]
[PlyCount "57"]
[EventDate "2011.08.19"]

1. d4 Nf6 2. Nf3 e6 3. g3 b6 4. Bg2 Bb7 5. O-O Be7 6. c4 O-O 7. Nc3 d6 8. d5 e5
9. e4 Nbd7 10. Rb1 c6 11. Re1 Rc8 12. Bh3 Kh8 13. Be3 c5 14. Nd2 Rb8 15. f4 a6
16. a4 Bc8 17. Nf3 Qc7 18. Qd3 Ne8 19. Rbd1 g6 20. Bxd7 Bxd7 21. fxe5 dxe5 22.
d6 Bxd6 23. Bh6 Rg8 24. Nd5 Qb7 25. Nf6 Nxf6 26. Qxd6 Ng4 27. Nxe5 Nxh6 28.
Qf6+ Rg7 29. Rxd7 1-0

[Event "5th open"]
[Site "Zupanja"]
[Date "2011.08.21"]
[Round "9.10"]
[White "Rubil, Marko"]
[Black "Iveljic, Igor"]
[Result "0-1"]
[WhiteElo "2211"]
[BlackElo "2324"]
[PlyCount "114"]
[EventDate "2011.08.19"]

1. e4 e5 2. Nf3 Nc6 3. Bb5 a6 4. Ba4 Nf6 5. O-O Be7 6. Re1 b5 7. Bb3 d6 8. c3
O-O 9. h3 Na5 10. Bc2 c5 11. d4 Qc7 12. Nbd2 Nc6 13. d5 Nd8 14. a4 Rb8 15. b4
Ne8 16. Nf1 f6 17. Be3 Nf7 18. axb5 axb5 19. c4 bxc4 20. bxc5 dxc5 21. Bd2 Bd7
22. Ba5 Qc8 23. Ne3 Ned6 24. Nd2 Bb5 25. Bc3 Qb7 26. Qe2 Ra8 27. Ndxc4 Rxa1 28.
Rxa1 Ra8 29. Rb1 Qa6 30. Bd3 Bf8 31. Ra1 Qb7 32. Na5 Bxd3 33. Qxd3 Qb5 34. Qc2
g6 35. Rb1 Qa6 36. Nc6 h5 37. f3 Bh6 38. Nd1 Kg7 39. Ra1 Qb7 40. Rb1 Qa6 41.
Ra1 Qc8 42. Rb1 Bf4 43. Ba5 h4 44. Qxc5 Nb7 45. Qb5 Nxa5 46. Nxa5 Qc2 47. Ra1
Qd2 48. Nb3 Qe1+ 49. Qf1 Bh2+ 50. Kxh2 Qxf1 51. Rxa8 Qxd1 52. Nc5 Ng5 53. Rg8+
Kh6 54. Ra8 Nxf3+ 55. gxf3 Qc2+ 56. Kh1 Qxc5 57. Rh8+ Kg5 0-1

[Event "5th open"]
[Site "Zupanja"]
[Date "2011.08.21"]
[Round "9.11"]
[White "Vajic, Goran"]
[Black "Bosnjak, Damir"]
[Result "1/2-1/2"]
[WhiteElo "2160"]
[BlackElo "2309"]
[PlyCount "135"]
[EventDate "2011.08.19"]

1. e4 d6 2. d4 Nf6 3. Nc3 e5 4. dxe5 dxe5 5. Qxd8+ Kxd8 6. Bg5 Be6 7. O-O-O+
Nbd7 8. Nd5 Kc8 9. f3 c6 10. Nxf6 gxf6 11. Be3 Bc5 12. Bxc5 Nxc5 13. Ne2 Kc7
14. Ng3 h5 15. Be2 Rag8 16. Rhg1 h4 17. Nf1 f5 18. exf5 Bxf5 19. Ne3 Be6 20.
Bc4 Bxc4 21. Nxc4 f6 22. Rd2 h3 23. g3 Rd8 24. Rgd1 Rxd2 25. Rxd2 Ne6 26. c3
Ng5 27. Rf2 b5 28. Ne3 Kd6 29. Kc2 Ke6 30. c4 f5 31. Kb3 Rd8 32. Kc2 f4 33. Nf1
bxc4 34. gxf4 exf4 35. Nd2 Rd3 36. b3 Re3 37. bxc4 Ke5 38. Kb2 a5 39. a4 Kf5
40. Kc2 Ra3 41. Kb2 Rxa4 42. Re2 Rb4+ 43. Kc3 Rb8 44. Re7 Ra8 45. Kd4 Ne6+ 46.
Kc3 a4 47. Kb2 a3+ 48. Ka2 Ng5 49. Rd7 Re8 50. Kxa3 Re3+ 51. Kb4 Nxf3 52. Nb3
Nxh2 53. Nd4+ Kg5 54. Rd8 f3 55. Rg8+ Kf4 56. Rh8 Ng4 57. Rf8+ Ke4 58. Nf5 f2
59. Kc5 f1=Q 60. Nd6+ Kd3 61. Rxf1 h2 62. Kxc6 Nf2 63. c5 h1=Q+ 64. Rxh1 Nxh1
65. Kd7 Re1 66. c6 Rc1 67. c7 Rxc7+ 68. Kxc7 1/2-1/2

[Event "5th open"]
[Site "Zupanja"]
[Date "2011.08.21"]
[Round "9.13"]
[White "Kruskic, Mirsad"]
[Black "Drobne, Marjan"]
[Result "0-1"]
[WhiteElo "2162"]
[BlackElo "2060"]
[PlyCount "120"]
[EventDate "2011.08.19"]

1. c4 Nf6 2. Nc3 e6 3. Nf3 d5 4. d4 Nbd7 5. g3 Be7 6. Bg2 O-O 7. O-O c6 8. Qb3
Qb6 9. c5 Qxb3 10. axb3 b5 11. cxb6 Nxb6 12. Ne5 Bb7 13. Nd3 Nfd7 14. Be3 Rfc8
15. Ra5 f6 16. f4 Kf7 17. Rc1 Bd8 18. Rca1 a6 19. Bf2 Be7 20. b4 Rcb8 21. b3
Bc8 22. b5 axb5 23. Nc5 Rxa5 24. Rxa5 Ra8 25. Rxa8 Nxa8 26. Nd3 Nc7 27. Kf1 Na6
28. Ke1 Nb4 29. Kd2 Nxd3 30. Kxd3 e5 31. e4 exd4 32. Bxd4 c5 33. Bf2 c4+ 34.
Kc2 dxe4 35. bxc4 f5 36. cxb5 Bc5 37. Be1 Nb6 38. Na2 Be6 39. Nc1 Bc4 40. Nb3
Be3 41. Nd2 Bxb5 42. Nxe4 fxe4 43. Bxe4 h6 44. Bd2 Bxd2 45. Kxd2 Bd7 46. Bf3
Kf6 47. g4 Nc4+ 48. Ke2 Nd6 49. Kf2 Bc8 50. Be2 Bb7 51. h4 Be4 52. h5 Bc6 53.
Ke3 Nf7 54. Bd3 Bd7 55. Kf3 Ng5+ 56. Kg3 Ne6 57. Be4 Ba4 58. Bd3 Bd1 59. Bc4
Ke7 60. Bd5 Kd6 0-1